000 00569nam a2200229Ia 4500
003 OSt
005 20220924134617.0
006 a|||||r|||| 00| 0
007 ta
008 220923b |||||||| |||| 00| 0 ben d
024 _a281200
037 _cTextual
040 _aARTS
_cARTS
_bben
041 _2ben
_aben
082 _aO157,1NDE:g, P2
100 _aDey Vishnu
_9208818
245 0 _aVishnu Deyer Kobita
260 _c2002
650 _aBENGALI LITERATURE
942 _hO157,1NDE:g, P2
_cTEXL
_2CC
999 _c438001
_d438001